000 01062nam a22002535i 4500
001 157253
003 ES-MaACL
005 20250809063526.0
008 000126s1843 sp |||| | spa d
040 _aCAM
_bspa
_cCAM
080 _a821.133.1-23"18"
100 1 _aLaurencin,
_cMonsieur,
_d1808-1890
_9149487
245 1 3 _aLa opera y el sermón
_b: comedia en dos actos /
_cescrita en francés por Laurencyn; (traducida libremente por A.G. Gutiérrez).
260 _aMadrid :
_b[s.n.,
_cs.a.] (
_fImprenta de Joaquín Merás y compañía)
300 _a30 p. ;
_c27 cm.
490 1 _aMuseo dramático
500 1 _aRepresentada por primera vez en Madrid en el teatro de la Cruz el día 28 de agosto de 1843.
594 1 _aTit. y mención de responsabilidad tomados de la primera pag.
596 1 _aPie de imp. tomado de colofón.
700 1 _aGarcía Gutiérrez, Antonio,
_d1813-1884
_954743
830 0 _aMuseo dramático
_9187645
852 _aES-MaACL
_jF-7489(14)
_z-- Enc. hol.
_z-- Enc. en un vol. facticio
999 _c157253
_d157253